| 000 | 00620nam a2200217 a 4500 | ||
|---|---|---|---|
| 005 | 20241022063651.0 | ||
| 008 | 051018s2000 mx r 000 0 spa d | ||
| 020 | _a968246112X | ||
| 035 | _aUPN01000140692 | ||
| 049 | _aCG | ||
| 050 | 4 |
_aLB1139.23 _bC6.5 |
|
| 245 | 0 | 0 |
_aCómo educar a los hijos : _bguía de estudio y de trabajo V. |
| 260 |
_aMéxico : _bTrillas, _c2000. |
||
| 300 |
_a128 p. : _bil. |
||
| 440 | 0 | _aSer mujer hoy | |
| 650 | 4 |
_aEducación de niños _95387 |
|
| 650 | 4 |
_aEducación familiar _97274 |
|
| 650 | 4 |
_aNiños _xDirección _96094 |
|
| 650 | 4 |
_aDisciplina de niños _914102 |
|
| 905 | _aLibro | ||
| 999 |
_c112840 _d112840 |
||